000 00438nam a2200169Ia 4500
008 240729s9999 xx 000 0 und d
022 _a2324-9269
245 0 _aMolecular Genetics & Genomic Medicine
260 _aUnited States
260 _bWiley
650 _a Biology (General)
650 _a Genetics
650 _aScience
856 _uhttps://doaj.org/toc/d942eb0473934cdfa7fef44b8ea4ccaa
942 _2ddc
942 _cDOAJEJ
999 _c72540
_d72540
945 _a1
_bMadushi Gamage
_c1
_dMadushi Gamage